[Event "Chess.com Classic Div 3 L"]
[Site "chess.com INT"]
[Date "2024.05.13"]
[Round "6.2"]
[White "Karthikeyan, Murali"]
[Black "Nguyen, Ngoc Truong Son"]
[Result "1-0"]
[WhiteTitle "GM"]
[BlackTitle "GM"]
[WhiteElo "2610"]
[BlackElo "2633"]
[WhiteFideId "5074452"]
[BlackFideId "12401110"]
[EventDate "2024.05.10"]
[EventType "k.o."]

1. e4 c6 2. d4 d5 3. Nc3 a6 4. Nf3 Bg4 5. h3 Bh5 6. Bd3 e6 7. O-O Nf6 8. Re1 Be7
9. Bf4 O-O 10. e5 Nfd7 11. g4 Bg6 12. Bxg6 fxg6 13. Be3 c5 14. Kg2 Nc6 15. Ne2
cxd4 16. Nexd4 Nc5 17. c4 dxc4 18. Nxc6 bxc6 19. Qxd8 Raxd8 20. Nd4 Bg5 21. Bxg5
Rxd4 22. Be3 Rd5 23. Rec1 Nd3 24. Rxc4 Nxe5 25. Ra4 a5 26. b4 Nc4 27. bxa5 Nxe3+
28. fxe3 Rd2+ 29. Kg1 Ra8 30. a6 Kf7 31. Rb1 Rd7 32. Rb7 Ke7 33. Kf2 Ra7 34.
Rxa7 Rxa7 35. Ke2 Kd6 36. Kd3 Kc5 37. Kc3 g5 38. e4 Kb5 39. Rb4+ Ka5 40. Rb3 Ka4
41. Rb6 Rc7 42. Rb7 Rc8 43. a7 1-0

[Event "Chess.com Classic Div 3 L"]
[Site "chess.com INT"]
[Date "2024.05.13"]
[Round "6.2"]
[White "Le, Tuan Minh"]
[Black "Kozak, Adam"]
[Result "1-0"]
[WhiteTitle "GM"]
[BlackTitle "GM"]
[WhiteElo "2567"]
[BlackElo "2607"]
[WhiteFideId "12401153"]
[BlackFideId "753246"]
[EventDate "2024.05.10"]
[EventType "k.o."]

1. d4 Nf6 2. Nf3 b6 3. Bg5 e6 4. e4 h6 5. Bxf6 Qxf6 6. c3 Bb7 7. Nbd2 g6 8. Bd3
Bg7 9. Qe2 Qe7 10. e5 d6 11. Be4 d5 12. Bd3 a6 13. O-O Nd7 14. Rfe1 c5 15. Nf1
b5 16. h4 c4 17. Bc2 Bc6 18. h5 g5 19. Ne3 Kd8 20. b3 Kc7 21. a4 Nb6 22. a5 Nd7
23. bxc4 bxc4 24. Nd2 Rhb8 25. Ba4 Bb5 26. Qd1 Ra7 27. Ndf1 Rab7 28. Ng3 Bf8 29.
Qf3 Kd8 30. Bc2 Rc7 31. Ngf5 exf5 32. Bxf5 Bc6 33. Bg4 Rcb7 34. Nxc4 Kc7 35. Ne3
Rb5 36. Nf5 Qd8 37. Nd6 Rb3 38. Nxf7 Qe7 39. Nd6 Qd8 40. Nf5 Be7 41. Nxh6 Qf8
42. Nf5 R8b5 43. h6 Nb8 44. h7 Bb4 45. Nd6 Qh8 46. Qf7+ Nd7 47. cxb4 R5xb4 48.
Rac1 Rc4 49. Nxc4 dxc4 50. Qxc4 1-0

[Event "Chess.com Classic Div 3 L"]
[Site "chess.com INT"]
[Date "2024.05.13"]
[Round "7.1"]
[White "Le, Tuan Minh"]
[Black "Karthikeyan, Murali"]
[Result "0-1"]
[WhiteTitle "GM"]
[BlackTitle "GM"]
[WhiteElo "2567"]
[BlackElo "2610"]
[WhiteFideId "12401153"]
[BlackFideId "5074452"]
[EventDate "2024.05.10"]
[EventType "k.o."]

1. d4 Nf6 2. Nf3 g6 3. c4 Bg7 4. g3 O-O 5. Bg2 c6 6. O-O d5 7. b3 dxc4 8. bxc4
c5 9. Bb2 cxd4 10. Nxd4 Qb6 11. Qc1 Nc6 12. Nxc6 bxc6 13. Nd2 Be6 14. Bc3 Qa6
15. Rb1 Rfd8 16. Rb3 Bh6 17. e3 Qc8 18. Qa3 Bg7 19. Qxe7 Re8 20. Qb7 Qxb7 21.
Rxb7 Rec8 22. Rc1 Nd7 23. Bxg7 Kxg7 24. Ne4 Rcb8 25. Rc7 Rc8 26. Rxc8 Rxc8 27.
Nd6 Rd8 28. Nb7 Rb8 29. Na5 Rb2 30. Bxc6 Ne5 31. a4 Nd3 32. Rf1 Ra2 33. Bd5 Rxa4
34. Nc6 Ra2 35. Be4 Bxc4 36. Bxd3 Bxd3 37. Rc1 a5 38. g4 Be4 39. h3 a4 40. Rc4
Bd5 41. Rc5 Be4 42. Rc4 Bd5 43. Rc5 Bb3 44. Nd4 Rb2 45. Ra5 Bd1 46. g5 h6 47. h4
hxg5 48. hxg5 Rb7 49. Kg2 Bb3 50. Kg3 Rd7 51. Kf4 Rb7 52. e4 Rb4 53. Ke5 Rb7 54.
Kf4 Rb4 55. Ke3 Rb8 56. f4 Rb7 57. f5 gxf5 58. exf5 Re7+ 59. Kf4 Rd7 60. Nf3 Rb7
61. f6+ Kh7 62. Nd4 Rb4 63. Ke5 Kg6 64. Ra8 Kxg5 65. Rg8+ Kh4 66. Rg1 Kh3 67.
Rb1 Kh2 68. Rb2+ Kg3 69. Rb1 Kf2 70. Rh1 Ke3 71. Rh3+ Kd2 72. Nc6 Rb5+ 73. Kf4
a3 74. Nd4 Rb4 75. Ke5 a2 76. Rh2+ Kc3 77. Rh3+ Kc4 78. Rh1 Ra4 79. Rc1+ Kb4 80.
Ra1 Kc3 0-1

[Event "Chess.com Classic Div 3 L"]
[Site "chess.com INT"]
[Date "2024.05.13"]
[Round "7.2"]
[White "Karthikeyan, Murali"]
[Black "Le, Tuan Minh"]
[Result "1-0"]
[WhiteTitle "GM"]
[BlackTitle "GM"]
[WhiteElo "2610"]
[BlackElo "2567"]
[WhiteFideId "5074452"]
[BlackFideId "12401153"]
[EventDate "2024.05.10"]
[EventType "k.o."]

1. e4 e5 2. Nf3 Nc6 3. Bb5 a6 4. Ba4 Bc5 5. c3 Nge7 6. d4 exd4 7. cxd4 Bb4+ 8.
Bd2 Bxd2+ 9. Qxd2 d5 10. exd5 Nxd5 11. Bxc6+ bxc6 12. O-O O-O 13. Nc3 Be6 14.
Ne5 Qh4 15. Nxc6 Nf4 16. f3 Rfe8 17. Rfe1 Bf5 18. g3 Nh3+ 19. Kg2 Qf6 20. Ne7+
Kh8 21. Ncd5 Qd6 22. Nxf5 Qxd5 23. Rxe8+ Rxe8 24. Re1 Rd8 25. Qe3 h6 26. Nxh6 f6
27. Kxh3 1-0

[Event "Chess.com Classic Div 3 L"]
[Site "chess.com INT"]
[Date "2024.05.13"]
[Round "8.1"]
[White "Karthikeyan, Murali"]
[Black "Grandelius, Nils"]
[Result "1/2-1/2"]
[WhiteTitle "GM"]
[BlackTitle "GM"]
[WhiteElo "2610"]
[BlackElo "2664"]
[WhiteFideId "5074452"]
[BlackFideId "1710400"]
[EventDate "2024.05.10"]
[EventType "k.o."]

1. e4 c5 2. Nf3 g6 3. d4 cxd4 4. Nxd4 Bg7 5. c4 Nc6 6. Be3 Qb6 7. Nb5 Qa5+ 8.
N1c3 Nf6 9. Bd3 d6 10. O-O a6 11. Nd4 Ng4 12. Nxc6 bxc6 13. Bd2 Qe5 14. g3 Qh5
15. h4 h6 16. Be2 g5 17. f3 Bd4+ 18. Kg2 Ne3+ 19. Bxe3 Bxe3 20. f4 Qg6 21. fxg5
hxg5 22. h5 Qh6 23. Bf3 Qe6 24. Rh1 g4 25. Be2 Rb8 26. b3 Qf6 27. Qe1 Qg5 28.
Rd1 Rxh5 29. Rxh5 Qxh5 30. Qh1 Qh3+ 31. Qxh3 gxh3+ 32. Kf3 Bg5 33. Rh1 Bf6 34.
Nd1 a5 35. Nf2 a4 36. Bd1 axb3 37. axb3 d5 38. exd5 cxd5 39. cxd5 Bb7 40. Rxh3
Bxd5+ 41. Ke2 Ra8 42. Rh5 Ra2+ 43. Ke3 e6 44. Ne4 Be7 45. Nc3 Rg2 46. Nxd5 exd5
47. Rxd5 Rxg3+ 48. Bf3 Rg5 49. Rxg5 Bxg5+ 50. Ke4 Bd2 51. Kd3 Be1 52. Ke2 Bb4
53. Kd3 Ke7 54. Kc4 Be1 55. b4 Bxb4 56. Kxb4 f5 57. Be2 f4 58. Bd1 f3 59. Bxf3 1/2-1/2

[Event "Chess.com Classic Div 3 L"]
[Site "chess.com INT"]
[Date "2024.05.13"]
[Round "8.2"]
[White "Grandelius, Nils"]
[Black "Karthikeyan, Murali"]
[Result "1-0"]
[WhiteTitle "GM"]
[BlackTitle "GM"]
[WhiteElo "2664"]
[BlackElo "2610"]
[WhiteFideId "1710400"]
[BlackFideId "5074452"]
[EventDate "2024.05.10"]
[EventType "k.o."]

1. e4 e5 2. Nf3 Nc6 3. Bb5 Nf6 4. O-O Nxe4 5. Re1 Nd6 6. Nxe5 Be7 7. Bf1 Nxe5 8.
Rxe5 O-O 9. d4 Bf6 10. Re2 b6 11. Re1 Re8 12. Bf4 Rxe1 13. Qxe1 Ne8 14. Nc3 Bb7
15. Qd2 d5 16. Re1 Nd6 17. Bxd6 Qxd6 18. Nb5 Qd7 19. Qf4 Bd8 20. h4 a6 21. Nc3
Be7 22. h5 Qd6 23. Qg4 Rf8 24. Bd3 Bf6 25. Ne2 Re8 26. c3 Bc8 27. Qf3 g6 28. Rd1
Bg5 29. g3 c6 30. Kg2 Be6 31. Ng1 Qd7 32. Re1 Kg7 33. Qd1 Bg4 34. Qb1 Rxe1 35.
Qxe1 Bxh5 36. f3 f5 37. Nh3 Bf6 38. Nf4 b5 39. Ne6+ Kf7 40. Nc5 Qe7 41. Qxe7+
Bxe7 42. Nxa6 Ke6 43. Nc5+ Bxc5 44. dxc5 g5 45. b3 h6 46. a4 bxa4 47. bxa4 f4
48. gxf4 gxf4 49. a5 Kd7 50. Be2 Kc7 51. Kh3 Bf7 52. Kg4 h5+ 53. Kxf4 Kb7 54.
Kg5 Be8 55. f4 1-0